书目信息 |
| 题名: |
生命之歌
|
|
| 作者: | 左红 著 | |
| 分册: | ||
| 出版信息: | 北京 电子工业出版社 2019 |
|
| 页数: | 25,212页 | |
| 开本: | 25×25cm | |
| 丛书名: | ||
| 单 册: | ||
| 中图分类: | J424 | |
| 科图分类: | ||
| 主题词: | 风光摄影--中国--现代--摄影集 | |
| 电子资源: | ||
| ISBN: | 978-7-121-36740-3 | |
| 000 | 00799nam0 2200229 450 | |
| 001 | 2260436585 | |
| 005 | 20220920164741.91 | |
| 010 | @a978-7-121-36740-3@b精装@dCNY168.00 | |
| 100 | @a20190921d2019 em y0chiy50 ea | |
| 101 | 0 | @achi |
| 102 | @aCN@b110000 | |
| 105 | @aa z 000yy | |
| 200 | 1 | @a生命之歌@9sheng ming zhi ge@e镜头背后的身心重生之路@f左红著 |
| 210 | @a北京@c电子工业出版社@d2019 | |
| 215 | @a25,212页@c彩照@d25×25cm | |
| 330 | @a本书是作者对自己近十年通过相机去修而获得身重的真实记录。每张照都诉说着自己的故事,带着体温与能量。 | |
| 517 | 1 | @a镜头背后的身心重生之路@9jing tou bei hou de shen xin zhong sheng zhi lu |
| 606 | 0 | @a风光摄影@y中国@z现代@j摄影集 |
| 690 | @aJ424@v5 | |
| 701 | 0 | @a左红@9zuo hong@c(女)@4著 |
| 801 | 0 | @aCN@b91MARC@c20190921 |
| 905 | @aZUCC@dJ424@e4 | |
| 生命之歌:镜头背后的身心重生之路/左红著.-北京:电子工业出版社,2019 |
| 25,212页:彩照;25×25cm |
| ISBN 978-7-121-36740-3(精装):CNY168.00 |
| 本书是作者对自己近十年通过相机去修而获得身重的真实记录。每张照都诉说着自己的故事,带着体温与能量。 |
| ● |
| 相关链接 |
|
|
|
正题名:生命之歌
索取号:J424/4
 
预约/预借
| 序号 | 登录号 | 条形码 | 馆藏地/架位号 | 状态 | 备注 |
| 1 | 2000899227 | 2000899227 | 第三书库/ [索取号:J424/4] | 在馆 | |
| 2 | 2000899228 | 2000899228 | 第三书库/ [索取号:J424/4] | 在馆 | |
| 3 | 2000899229 | 2000899229 | 第三书库/ [索取号:J424/4] | 在馆 |